Регионална библиотека "Любен Каравелов" - Русе

Детектив по неволя (Запис номер 141323)

MARC детайли
000 -Лидер
Контролно поле с фиксирана дължина 01498nam a2200301 c 4500
003 - Код на организацията, давaща контролен номер
Контролно поле BLK
005 - Дата и час на последна редакция
Контролно поле 20180422112329.0
008 - Елементи от данни с фиксирана дължина
fixed length control field 180409b bul|||||r ||||||| ||bul||
010 ## - Наследен системен номер
LC control number KNG00147394000
040 ## - Източник на каталожния запис
Идентификатор на билиотеката - собственик на записа BLK
041 ## - Код за език
Код за езика на текст/звукозапис или на отделно заглавие Български
Код за езика КДБФ Български
080 ## - УДК
Текстов определител УДК Руска литература
УДК код - определител по УДК 821.161.1
УДК определител -31
УДК - код + определител 821.161.1-31
100 1# - Редна дума - Автор
Автор Глазов, Григорий Соломонович
Авторска отговорност първи автор
R(LIN) 327329
139 ## - Редно поле
Редна дума Глазов, Григорий Соломонович
Авторски знак Глад - Г 53
245 10 - Сведения за заглавието
Заглавие Детектив по неволя
Подзаглавни данни Роман
Редно поле (дума) Григорий Соломонович Глазов; с предг. от Йордан Костурков; прев. от рус. Мария Иванова.
257 ## - Страна на издаване
Страна на създаване/издаване Русия
260 ## - Област на издателските данни
-- Пловдив
Име на издателя, разпространителя и проч. Христо Г. Данов
Година на издаване 1987
300 ## - Физическа характеристика
Страници 299 с.
Размери/Мащаб 21 см
380 ## - Жанр
Жанр Худож. лит.
500 ## - Общи забележки
Забележка Прев. е направен от Без наркоза ; Вынужденный детективь / Григорий Соломонович Глазов. - Кн. е изд. 1983 от Воен. изд. със загл. Детектив по принуда и прев. Радка Малинова. - 90 637 тир.
700 1# - Други автори (авторска отговорност)
Лично име Костурков, Йордан
Автороска отговорност (Описва отношението между автора и произведението) с предг. от
9 (RLIN) 364032
700 1# - Други автори (авторска отговорност)
Лично име Иванова, Мария
Автороска отговорност (Описва отношението между автора и произведението) прев. от рус.
9 (RLIN) 371899
852 ## - Местоположение
Форматна сигнатура Цб 147189
856 4# - Електронен адрес и достъп
Електронен формат pdf - файл
Път до файла /url/
856 4# - Електронен адрес и достъп
Електронен формат pdf - файл
Път до файла /url/
942 ## - АРТИКУЛИ
Вид на библиотечния материал Книги
Скрит в OPAC Не
944 ## - СЪЗДАВАНЕ И РЕДАКЦИЯ на ЗАПИСА
Създаване/Редакция Създаване
Дата на регистрацията/редакция 26.09.2016
Служител, извършил регистрацията/редакцията Кина_Георгиева
944 ## - СЪЗДАВАНЕ И РЕДАКЦИЯ на ЗАПИСА
Създаване/Редакция Редакция
Дата на регистрацията/редакция 26.09.2016
Служител, извършил регистрацията/редакцията Кина_Георгиева
999 ## - СИСТЕМНИ КОНТРОЛНИ НОМЕРА
Koha biblionumber 141323
Koha biblioitemnumber 141323
Наличности
Код за отписване Код за изгубен артикул Източник на класификационната схема Код за повреда Коз за рестрикции Код за отдаване Артикулен № Име на библиотеката - собственик Име на библиотеката, в която се намира в момента Статус (Текущо местоположение) Дата на вписване в системата Местоположение - отдел Цена в лева Инвентарен номер Систематично азбучна сигнатура Баркод Номер на екземпляра Цена в евро Служебна бележка Служебен тип на артикула
  Не е изгубен Universal Decimal Classification Не е повреден само за читалня ползва се в читалня 232655 Регионална библиотека "Любен Каравелов" Русе Регионална библиотека "Любен Каравелов" Русе Хранилище 1987-01-01 Хранилище 2.23 475713 Цб 147189 120000475713 1 1.14 N: стар фонд Дата: 01.01.1987 Книги
Изтеглен Не е изгубен Universal Decimal Classification Не е повреден без рестрикции заемане за дома 232656 Регионална библиотека "Любен Каравелов" Русе Регионална библиотека "Любен Каравелов" Русе Заемна - подръчен фонд 1987-01-01 Заемна - подръчен фонд 2.23 476980 П 882-31/Г 53 476980 2 1.14 N: стар фонд Дата: 01.01.1987 Книги
Изтеглен Не е изгубен Universal Decimal Classification Не е повреден без рестрикции заемане за дома 232657 Регионална библиотека "Любен Каравелов" Русе Регионална библиотека "Любен Каравелов" Русе Заемна - подръчен фонд 1987-01-01 Заемна - подръчен фонд 2.23 476984 П 882-31/Г 53 476984 3 1.14 N: стар фонд Дата: 01.01.1987 Дата инв: 09.02.2018 Бележки инв: П2018 Книги
Vip Innovations Ltd, Rousse, Bulgaria 2025